Normal view
MARC view
- Karunakaran, V
Entry Personal Name
001 - CONTROL NUMBER
- control field: 5296
003 - CONTROL NUMBER IDENTIFIER
- control field: OSt
005 - DATE AND TIME OF LATEST TRANSACTION
- control field: 20221105141426.0
008 - FIXED-LENGTH DATA ELEMENTS
- fixed length control field: 221105|| aca||aabn | a|a d
040 ## - CATALOGING SOURCE
- Original cataloging agency: OSt
- Transcribing agency: OSt
100 ## - HEADING--PERSONAL NAME
- Personal name: Karunakaran, V
670 ## - SOURCE DATA FOUND
- Source citation: Work cat.: (OSt)3101: Sankaranarayanan, K C . 5295, Kerala Economy / , 1985.
